Playboi Carti - MUSIC (Tracklista) - Statystyki

Ogólne statystyki
  • Ten quiz został rozwiązany 215 razy
  • Średni wynik to 20 z 30
Statystyki odpowiedzi
Nr Nazwa utworu % Poprawnych
1 POP OUT
95%
2 CRUSH
90%
4 EVIL J0RDAN
88%
3 K POP
80%
8 RATHER LIE
79%
6 PHILLY
77%
10 BACKD00R
74%
5 MOJO JOJO
72%
11 TOXIC
72%
19 TRIM
71%
24 TWIN TRIM
70%
15 GOOD CREDIT
69%
28 HBA
67%
13 CRANK
66%
23 OPM BABI
64%
7 RADAR
64%
30 SOUTH ATLANTA BABY
64%
20 COCAINE NOSE
63%
25 LIKE WHEEZY
61%
29 OVERLY
60%
18 JUMPIN
58%
22 OLYMPIAN
57%
21 WE NEED ALL DA VIBES
57%
9 FINE SHIT
54%
14 CHARGE DEM HOES A FEE
53%
17 WAKE UP F1LTHY
52%
12 MUNYUN
51%
27 WALK
51%
16 I SEEEEEE YOU BABY BOI
50%
26 DIS 1 GOT IT
45%
Nie znaleziono quizów pasujących do podanych kryteriów
Rozkład punktacji
Procent ludzi z każdym wynikiem
Percentyl według liczby udzielonych odpowiedzi
Twoja historia wyników
Nie rozwiązałeś tego quizu